000 00474cam a2200193ua 4500
001 11859
008 191114n ii |||gr||||Z||||||eng
020 _a9788184556636
040 _cMAIN
041 _aeng
082 _a809
100 _aAjay Das,
_eAuthor.
245 _aModern literary criticism
_cBy Ajay Das
250 _a1st ed.
260 _aNew Delhi:
_bOmega publications,
_c2018.
300 _a248p.
653 _aHistory, description & criticism
942 _cBK
999 _c10652
_d10652